000 00493nam a2200205Ia 4500
001 13084
003 GE_BSU
008 181216s||||||||xx |||||||||||||| ||und||
020 _a978000648015
040 _cGE_BSU
080 _a821.111-3
100 _aHobb,Robin.
245 4 _aThe tawny man:Book one:Fool's Errand.
260 _aLondon.
260 _bHarper Collins Publishers.
260 _c2001
300 _a664p;18cm.
653 _aThe tawny man:Book one:Fool's Errand.
942 _cBK
999 _c46251
_d46251